000 00603nam a2200241 a 4500
001 0001-0780
003 ELIB.Books
008 140825 2010 eng
020 _a0800707575
035 _a(ELIB.Books)0001-0934
092 _a301.42
_bSch
100 _aSchaeffer, Edith
245 _aWhat is a Family?
260 _aNew Jersey
_bFleming H. Revell Company
_c1975
300 _a255
_c22.5 Cm
500 _aDr. Yahalaylayla
650 _aFamily
856 _nKBTS; Insein
_uKBTS; Elib.
942 _2ddc
_cBK
990 _a1
998 _cbat
_e2014-08-25
999 _c10780
_d10780